LEADER 03279nam a2200313 i 4500 001 000000032825 003 CaOOAMICUS 005 20200729085945.0 008 180830s18501856it u000 u ita u 040 $aSeMil$bita 245 10$aPiccola biblioteca religiosa, morale, scientifica e letteraria. 264 1$aNapoli :$bA spese della Società Editrice,$c1850-1856. 300 $a9 v. ;$c25 cm. 500 $aConsistenza : 2 copie dei vol. 1, 7. 774 0 $tVol. 1.$kTesoro cattolico. Classe 3., Eloquenza, letteratura e varietà : scelta di opere antiche e moderne atte a sanar le piaghe religiose e politiche che affliggono l'odierna società$g1$w()246618 774 0 $tVol. 2.$kTesoro cattolico. Classe 3., Eloquenza, letteratura e varietà : scelta di opere antiche e moderne atte a sanar le piaghe religiose e politiche che affliggono l'odierna società$g2$w()246619 774 0 $tVol. 3.$kTesoro cattolico. Classe 3., Eloquenza, letteratura e varietà : scelta di opere antiche e moderne atte a sanar le piaghe religiose e politiche che affliggono l'odierna società$g3$w()246621 774 0 $tVol. 4.$kTesoro cattolico. Classe 3., Eloquenza, letteratura e varietà : scelta di opere antiche e moderne atte a sanar le piaghe religiose e politiche che affliggono l'odierna società$g4$w()246622 774 0 $tVol. 6.$kTesoro cattolico. Classe 3., Eloquenza, letteratura e varietà : scelta di opere antiche e moderne atte a sanar le piaghe religiose e politiche che affliggono l'odierna società$g6$w()246623 774 0 $tVol. 7.$kTesoro cattolico. Classe 3., Eloquenza, letteratura e varietà : scelta di opere antiche e moderne atte a sanar le piaghe religiose e politiche che affliggono l'odierna società$g7$w()246624 774 0 $tVol. 8.$kTesoro cattolico. Classe 3., Eloquenza, letteratura e varietà : scelta di opere antiche e moderne atte a sanar le piaghe religiose e politiche che affliggono l'odierna società$g8$w()246625 774 0 $tVol. 9.$kTesoro cattolico. Classe 3., Eloquenza, letteratura e varietà : scelta di opere antiche e moderne atte a sanar le piaghe religiose e politiche che affliggono l'odierna società$g9$w()246626 774 0 $tVol. 5.$kTesoro cattolico. Classe 3., Eloquenza, letteratura e varietà : scelta di opere antiche e moderne atte a sanar le piaghe religiose e politiche che affliggono l'odierna società$g5$w()246627 774 0 $tVol. 1.$kTesoro cattolico. Classe 3., Eloquenza, letteratura e varietà : scelta di opere antiche e moderne atte a sanar le piaghe religiose e politiche che affliggono l'odierna società$g1$w()249996 774 0 $tVol. 7.$kTesoro cattolico. Classe 3., Eloquenza, letteratura e varietà : scelta di opere antiche e moderne atte a sanar le piaghe religiose e politiche che affliggono l'odierna società$g7$w()256146 830 0$aTesoro cattolico. Classe 3., Eloquenza, letteratura e varietà : scelta di opere antiche e moderne atte a sanar le piaghe religiose e politiche che affliggono l'odierna società.$0(OLS)http://semarc/title/44431 996 $6245$aPiccola biblioteca religiosa, morale, scientifica e letteraria$9(OLS)http://semarc/title/44441 996 $6264$aNapoli :$bA spese della Società Editrice$9(OLS)http://semarc/publisher/34411 LEADER 00775nam a2200193 i 4500 001 000000217310 003 CaOOAMICUS 005 20121130000000.0 008 121130s1749 xx u000 u fre u 013 $a196207 026 $ad.36 s,t. e-*. nopo (3) 1749 (R) 040 $aSeMil$bita 245 10$aAdditions a la premier partie. 300 $a[2], ii, 162, iii, [3] p. 500 $aSegn. : [a]2 A-X4. 773 0 $tInstruction pastorale de Monseigneur l'évêque et prince de Grenoble, sur le sacrement de pénitence et sur la communion.$dA Grenoble : Chez André Giroud, 1749.$g1$w()27747 850 $aSeMil 852 $aSeMil$W1$xVenegono$y1$m2F V 31 FA$j167724$B167724$CSeMilBibl$Z2$F178498 $8I 996 $6245$aAdditions a la premier partie$9(OLS)http://semarc/title/312245